01800nam a22003497a 4500003000400000005001700004008004100021040002200062082001400084100004100098245005500139260005300194300001900247490002400266505025300290505009000543505015600633505002100789650004600810650005000856650004400906650004800950650004300998650004401041650005301085650004701138650005501185650004501240942002501285999001501310952012501325OSt20230421145942.0221006b |||||||| |||| 00| 0 eng d cBiblioteca Lado V a700bZ39a 9802aZaya, Antonioeeditoredirector aAtalantica/bInternacional | Revista de las Artes/ bCentro Atlantico de Arte Modernoc1997aEspaña c24x30cma198p. v1997x1132-8428a17 tTerritoriosaEstrategias de Diferencia y Diferenciación Gabriele Basílico Gabriel Orozco Proyecto de marta maria Pérez Trayectorias Abyectas Moshekwa Proyecto de Luz Maria Gordillo Espacio Virtual en tiempo fílmico Otra forma de ser tNexusaEl paisaje Canario Reintentado Juan López Salvador Proyecto de Sorel Seele tRevistaaLa espiritualidad del oriente Proyecto de Pep Duran Juan Usle Proyecto de Manolo Quejido Meditations La reproducción de los símbolos  tNotas del editor 2Tesauro de Arte & ArquitecturaaARTE9703 2Tesauro de Arte & ArquitecturaaEXPOSICIONES  2Tesauro de Arte & ArquitecturaaCULTURA 2Tesauro de Arte & ArquitecturaaAPRECIACION 2Tesauro de Arte & ArquitecturaaTEORIA 2Tesauro de Arte & ArquitecturaaCRITICA 2Tesauro de Arte & ArquitecturaaFOTOGRAFIA 9702 2Tesauro de Arte & ArquitecturaaLITERATURA 2Tesauro de Arte & ArquitecturaaARTE INTERNACIONAL 2Tesauro de Arte & ArquitecturaaESPAÑA 2ddcc1h700iZ39an0 c3438d3438 00102ddc3199740708RevistasaLVbLVd2023-04-21h17i003571l0o700 Z39ap003571r2023-04-21 00:00:00w2023-04-21y1